Responses for Show #9093 - Wednesday, May 1, 2024

Weckiai Rannila game 1.
Amy Hummel game 6.

Contestants

[<< previous game]

Nils Cousin, an attorney from Washington, D.C.

Weckiai Rannila, an engineer from Albuquerque, New Mexico

Amy Hummel, an ER doctor from Milwaukee, Wisconsin (whose 5-day cash winnings total $100,994)

[next game >>]

Jeopardy! Round responses

16th CENTURY STUFF
IN THE BLACK
CITY PARKS
"ALL" THE WAY
YACHTS
BATMAN'S ALTER EGOS
(Ken: You'll need to name the movie Batman actor given a different one of his roles.)
    $200 29
guru

Weckiai
    $200 22
the House of Lords

Weckiai
    $200 30
the Wright brothers

Weckiai
    $200 11
all hands on deck

Nils
    $200 27
Ireland

Nils
    $200 26
(Amy: Who is... oh, no, I'm blanked.)

(Robert) Pattinson

AmyNils
    $400 23
Gustav

Weckiai
    $400 21
Black Forest

Nils
    $400 28
San Diego

Nils
    $400 12
all work and no play makes Jack a dull boy

Weckiai
    $400 19
(Weckiai: What is [*] News?)

Newport

WeckiaiNils
    $400 25
Christian Bale

Weckiai
    $600 3
smallpox

Weckiai
    $600 6
black walnut

Amy
    $600 7
(Amy: What is Grant Park?)

Lincoln Park

AmyWeckiai
    $600 13
and all that jazz

Amy
    $600 16
Howard Hughes

Amy
    $600 9
Michael Keaton

Weckiai
    $800 1
Nostradamus

Weckiai
    $800 5
the Black Stone of Mecca

Triple Stumper
    $800 10
St. Louis

Weckiai
    $800 14
all men are created equal

Weckiai
    $800 17
the America's Cup

Nils
    $800 8
Ben Affleck

Weckiai
    $1000 4
the Mughal Empire

Amy
    $2,400 20
(Ken: It is [*] radiation, yes.)

Hawking

Nils
    $1000 24
(Weckiai: Who is Louisa May Alcott?)
...
(Ken: Because he wrote The Song of Hiawatha, I assume, [*]'s house.)

Longfellow

Weckiai
Triple Stumper
    $1000 15
Abandon all hope, ye who enter here

Amy
    $1000 18
Larry Ellison

Nils
    $1000 2
(Ken: That's a tough one; that's [*]'s role in Good Night, and Good Luck.)

George Clooney

Triple Stumper

Scores at the first commercial break (after clue 15):

Amy Weckiai Nils
$2,600 $5,400 $200

Scores at the end of the Jeopardy! Round:

Amy Weckiai Nils
$3,000 $5,400 $6,000

Double Jeopardy! Round responses

BRITSPEAK
KISS & TELL
COMPLIMENTS TO THE WRITER
-OLOGIES
REPETITION
REDONE-DANCY
    $400 27
fog

Nils
    $400 16
Hall & Oates

Triple Stumper
    $400 28
(Nils: Who is Thoreau?)

Emerson

Nils
Triple Stumper
    $400 24
rocks

Amy
    $400 29
in toto

Amy
    $400 30
The Flash

Amy
    $800 26
elevenses

Amy
    $800 17
bonobos

Amy
    $800 19
Donna Tartt

Amy
    $4,200 20
(Amy: What is... meterology?)
(Ken: No, I'm sorry, you needed to get rid of the "E" and the "O" to make [*].)

metrology

Amy
    $800 21
New York, New York

Triple Stumper
    $800 25
West Virginia

Weckiai
    $1200 9
(Nils: What is rent-to-own?)
(Weckiai: What is lay-away?)

installment plan

WeckiaiNils
Triple Stumper
    $4,000 18
(Amy: Who is... Carmen?)

Madama Butterfly

Amy
    $1200 3
Alan Moore

Weckiai
    $1200 7
audiology

Weckiai
    $1200 10
bon bon

Weckiai
    $1200 13
Law & Order

Weckiai
    $1600 1
Bob's your uncle

Triple Stumper
    $1600 22
Rodin

Amy
    $1600 2
Hemingway

Nils
    $1600 5
anthropology

Weckiai
    $1600 11
beriberi

Amy
    $1600 14
(Ken: As you might guess, now it's [*].)

The Tunnel

Triple Stumper
    $2000 8
brass monkey

Weckiai
    $2000 23
(Weckiai: Who is... Augustus?)

Tiberius

Weckiai
Triple Stumper
    $2000 4
(Weckiai: Who is... Cormac McCarthy?)

Thomas Pynchon

Weckiai
Triple Stumper
    $2000 6
Psychology

Amy
    $2000 12
a dik-dik

Weckiai
    $2000 15
Talk Talk

Triple Stumper

Scores at the end of the Double Jeopardy! Round:

Amy Weckiai Nils
$3,600 $11,400 $6,400

[wagering suggestions for these scores]

Final Jeopardy! Round responses

EXECUTIVE ORDERS
(Ken: [To Amy] Thinking of Cuba, perhaps?)
[Amy nods.]
...
(Ken: No, it wasn't Cuba at all; it was the Moon, he wanted [*] working longer shifts.)
AmyWhat is the CIA?
$3,599
NilsWhat is the CIA?
$4,000
WeckiaiWhat is NORAD?
$1,401
NASA

Final scores:

Amy Weckiai Nils
$1 $9,999 $2,400
3rd place: $2,000 New champion: $9,999 2nd place: $3,000

Game dynamics:

Coryat scores:

Amy Weckiai Nils
$11,800 $11,400 $5,000
14 R,
4 W
(including 2 DDs)
21 R,
5 W
11 R
(including 1 DD),
2 W

Combined Coryat: $28,200

[game clues] [game scores] [suggest correction]

Game tape date: 2024-03-14
The J! Archive is created by fans, for fans. Scraping, republication, monetization, and malicious use prohibited; this site may use cookies and collect identifying information. See terms. The Jeopardy! game show and all elements thereof, including but not limited to copyright and trademark thereto, are the property of Jeopardy Productions, Inc. and are protected under law. This website is not affiliated with, sponsored by, or operated by Jeopardy Productions, Inc. Join the discussion at JBoard.tv.